000 00365nam a2200133Ia 4500
008 231017s9999 xx 000 0 und d
082 _a343.747FHW
082 _bFHW
245 0 _aFederal size regulations for commercial motor vehicles
245 0 _cUS Department of Transportation
260 _bUS Department of Transportation
300 _c30cm
942 _cREP
999 _c604954
_d604954